| 000 | 00457cam a2200181ua 4500 | ||
|---|---|---|---|
| 020 | _c1.95 | ||
| 041 |
_amal _h |
||
| 082 |
_a894.812301 _bDAY/TH |
||
| 100 | _aDayanandan, . | ||
| 245 |
_aTharisujeevithangal / _cDayanandan. _hTextual Documents |
||
| 250 |
_a1 / _b. |
||
| 260 |
_aKottayam : _bSahitya Pravarthaka Co-operative Society , _c1964. |
||
| 300 | _a206 ; . | ||
| 365 | _a1.95 | ||
| 504 | _a | ||
| 942 | _cBK | ||
| 999 |
_c12610 _d12610 |
||